000 00310nam a2200133Ia 4500
008 240624s9999 xx 000 0 und d
041 _aeng
082 _a823 HOW
100 _aHOWARD LINDA
245 _aKILLING TIME
260 _c2005
_aNew York
_bBallantine Books
300 _a363 : p. : cm. ; 17
365 _c
999 _c3824
_d3824